Юридический Отдел. 1918-1919 г.

RUSMARC
00002680cmc2a22001932x 450
001ae790ebe-5e57-4246-b847-45ced1f0c984
00520230418120154.0
100##$a20181229l19191919k y0rusy50 ca
1010#$arus
102##$aRU
2001#$aЮридический Отдел. 1918-1919 г.
$j1919
215##$a33 единицы хранения
251##$cОпись
461#0$10010f0e3429-2e37-4fb4-ace0-6332d350a692
$12001
$aМинистерство внутренних дел Российского правительства. Омск
$vОп. 4
$1251
$cФонд
$1852
$gР
$j1700
801#0$aRU
$bGA_RF
801#1$aRU
$bГлавНИВЦ
$c20181229
$2rusmarc
801#2$aRU
$bПБ им. Б.Н. Ельцина
$c20190121
$gRCR
$2rusmarc
852##$aГА РФ
$j4
937##$d123529426
$hПБ
035##$aRuPRLIB520124929
856##$uhttp://readingroom.main.prlib.ru/item.aspx?id_node=n123529426&mode=full
1220#$ad1919######
850##$aГосударственный архив Российской Федерации
Фонд Министерство внутренних дел Российского правительства. Омск
Формат отображения